Представление документа в формате RUSMARC

ПолеНазваниеЗначение
  Тип записи a
  Библиографический уровень m
001 Контрольный номер e13c2917-da44-11e5-8f72-0cc47a1952f2
005 Дата корректировки 20201206205033.0
010 Индекс ISBN __
a ISBN 978-5-699-83605-5
d Цена 490 р. 00 к.
100 Данные общей обработки __
a Данные общей обработки 191611%Df####|||y|||y150#y0189 ca
101 Язык документа __
a Язык текста rus
c Язык оригинала eng
102 Страна публикации __
a Страна публикации RU
102 Страна публикации __
a Страна публикации RU
105 Кодированные данные (монография) __
a Кодированные данные (монография) a###|||||||zy
200 Заглавие и сведения об ответственности __
a Заглавие Классическая камасутра. Полный текст легендарного трактата о любви
b Общее обозначение материала Текст: электронный ресурс
210 Выходные данные __
e Место печатания Москва
h Дата печатания 20160223193542.0
215 Физическое описание __
a Объем 226 c.
d Формат 11138678 байт
225 Серия __
a Серия Камасутра XXI века для продвинутых
230 Специфическая характеристика материала: электронные ресурсы __
a Обозначение и объем ресурса Электрон. текст. дан. (10.6 MB)
300 Общие примечания __
a Общие примечания Загл. взято из текста
330 Аннотация __
a Аннотация Перед вами полный текст <Камасутры> - самого известного древнеиндийского трактата о духовной и физической любви, дополненный комментариями и прекрасными иллюстрациями.<Камасутра> - это не только энциклопедия секса, но и увлекательное чтение, которое, несмотря на прошедшие тысячелетия, все еще не теряет своей актуальности.Полный текст <Камасутры> в великолепном оформлении станет отличным подарком и займет достойное место на книжной полке.
610 Ключевые слова __
a Ключевые слова самопознание
a Ключевые слова руководство по сексу
a Ключевые слова сексуальное здоровье
a Ключевые слова мужчина и женщина
a Ключевые слова сексуальные игры
675 Индекс УДК __
a Индекс УДК 392.6
686 Индексы других классификаций __
2 Код системы rubbks
a Классификационный индекс 57.01
700 Автор _0
a Фамилия Малланага
g Полное личное имя Ватсьяяна
801 Источник записи _0
a Страна RU
b Организация ЛитРес
c Дата составления 201611%D
801 Источник записи _1
a Страна RU
b Организация ЛитРес
c Дата составления 201611%D
856 Электронный адрес документа 4#
a Имя хоста (Host name) biblio.litres.ru
b Цифровой код доступа (Access number) 195.42.181.161
d Путь (Path) pages/biblio_book/?art=17205206
e Дата и время последнего доступа 201611%D
s Размер файла 11138678
856 Электронный адрес документа 41
u Универсальный указатель ресурса (URL) http://www.litres.ru/static/bookimages/20/27/11/20271157.bin.dir/20271157.cover_h190.jpg
2 Текст ссылки Обложка
901 Тип документа __
t Тип документа 0
969 Тип издания __
a Тип издания сетевое электронное издание УД